| 000 -LEADER |
| fixed length control field |
00622cam a2200217u 4500 |
| 001 - CONTROL NUMBER |
| control field |
9470 |
| 003 - CONTROL NUMBER IDENTIFIER |
| control field |
BD-DhUAP |
| 005 - DATE AND TIME OF LATEST TRANSACTION |
| control field |
20210127155406.0 |
| 008 - FIXED-LENGTH DATA ELEMENTS--GENERAL INFORMATION |
| fixed length control field |
210127s2003 ii a 000 0 eng |
| 020 ## - INTERNATIONAL STANDARD BOOK NUMBER |
| International Standard Book Number |
8175341234 |
| 040 ## - CATALOGING SOURCE |
| Original cataloging agency |
DLC |
| Transcribing agency |
CarP |
| Modifying agency |
BD-DhUAP |
| Language of cataloging |
eng |
| 082 ## - DEWEY DECIMAL CLASSIFICATION NUMBER |
| Edition number |
23 |
| Classification number |
341.2 BOW |
| 100 1# - MAIN ENTRY--PERSONAL NAME |
| Personal name |
Bowett, D. W. |
| 245 14 - TITLE STATEMENT |
| Title |
The law of international institutions / |
| Statement of responsibility, etc. |
D. W. Bowett. |
| 250 ## - EDITION STATEMENT |
| Edition statement |
4th ed. |
| 260 ## - PUBLICATION, DISTRIBUTION, ETC. |
| Place of publication, distribution, etc. |
New Delhi : |
| Name of publisher, distributor, etc. |
Universal, |
| Date of publication, distribution, etc. |
c1982 [Reprinted 2003]. |
| 300 ## - PHYSICAL DESCRIPTION |
| Extent |
xv, 431 pages ; |
| Dimensions |
23 cm. |
| 650 #0 - SUBJECT ADDED ENTRY--TOPICAL TERM |
| Topical term or geographic name entry element |
Regionalism (International organization) |
| 650 #0 - SUBJECT ADDED ENTRY--TOPICAL TERM |
| Topical term or geographic name entry element |
International agencies. |
| 942 ## - ADDED ENTRY ELEMENTS (KOHA) |
| Source of classification or shelving scheme |
|
| Koha item type |
Book |